Sharjah Art Foundation Library

لطيف العاني: مصور من العراق/ (Record no. 6653)

MARC details
000 -LEADER
fixed length control field 00727nam a2200193Ia 4500
001 - CONTROL NUMBER
control field 6653
008 - FIXED-LENGTH DATA ELEMENTS--GENERAL INFORMATION
fixed length control field 260622s9999 xx 000 0 und d
245 #0 - TITLE STATEMENT
Title لطيف العاني: مصور من العراق/
Statement of responsibility, etc. تقديم: د. احسان فتحي
246 ## - VARYING FORM OF TITLE
Display text Lateef Al Ani: Photographer from Iraq
260 ## - PUBLICATION, DISTRIBUTION, ETC.
Place of publication, distribution, etc. بغداد؛
Name of publisher, distributor, etc. دار ميزوبوتاميا للطباعة و النشر و التوزيع؛
Date of publication, distribution, etc. 2013
300 ## - PHYSICAL DESCRIPTION
Extent 166p;
Dimensions 27x22cm
520 ## - SUMMARY, ETC.
Summary, etc. Second edition, Bilingual version published for Baghdad Arab Cultural Capital 2013
546 ## - LANGUAGE NOTE
Language note Arabic
648 ## - SUBJECT ADDED ENTRY--CHRONOLOGICAL TERM
Chronological term 1950-1960
9 (RLIN) 5793
650 ## - SUBJECT ADDED ENTRY--TOPICAL TERM
Topical term or geographic name entry element Monochrome photography
9 (RLIN) 9382
650 ## - SUBJECT ADDED ENTRY--TOPICAL TERM
Topical term or geographic name entry element TR624-835 Technology- Applied Photography
651 ## - SUBJECT ADDED ENTRY--GEOGRAPHIC NAME
Geographic name Iraq
942 ## - ADDED ENTRY ELEMENTS (KOHA)
Koha item type Book
Holdings
Withdrawn status Lost status Damaged status Not for loan Collection Home library Current library Date acquired Total Checkouts Full call number Barcode Date last seen Price effective from Koha item type
        Technology- Photography, Cinematography, Electronic Media SAF Reference Library SAF Reference Library 06/22/2026   TR624-835 14.347 6653 06/22/2026 06/22/2026 Book

Copyright © 2022. Sharjah Art Foundation. All Rights Reserved.